Normal view
MARC view
- Santos Mosquera, Albino
Entry Nombre Personal
001 - NUMERO DE CONTROL
- campo de control: 43964
003 - IDENTIFICADOR DE NUMERO DE CONTROL
- campo de control: DLC
005 - FECHA Y HORA DE LA ÜLTIMA TRANSACCIÓN
- campo de control: 20220330105756.0
008 - DATOS DE LONGITUD FIJA
- campo de control de longitud fija: 220330n| azannaabn a aaa c
010 ## - NÚMERO DE CONTROL DE LA BIBLIOTECA DEL CONGRESO
- Número de control LC: no2007146062
035 ## - NUMERO DE CONTROL
- Número de control: (OCoLC)oca07594210
040 ## - FUENTE DE CATALOGACIÓN
- Agencia original de catalogación: MX-MxITA
- Lenguaje de catalogación: spa
- Description conventions: rda
- Agencia de transcripción: MX-MxITA
- Agencia que lo modifica: ICU
- Agencia que lo modifica: MX-MxUPN
100 1# - ENCABEZAMIENTO - NOMBRE PERSONAL
- Nombre personal: Santos Mosquera, Albino
375 ## - GÉNERO
- Gender: masculino
377 ## - LENGUA ASOCIADA
- Language code: spa
400 1# - VEÁSE - NOMBRE DE PERSONA
- Personal name: Mosquera, Albino Santos
670 ## - FUENTE EN LA QUE SE LOCALIZARON DATOS
- Cita de la fuente: Huntington, Samuel P. ¿Quiénes somos?, 2004:
- Información localizada: reverso de la portada (tr. de Albino Santos Mosquera)
902 ## - CATALOGADOR
- Catalogador: NDAF/220330
